00500nam a2200145 a 450000100100000000500170001000800410002704000250006824500720009326000380016530000200020304900090022395201050023299900170033700003162920200930063049.0110628s1974 dr 000 0 spa d aDO-SdBNPbspacBNPHU00aOrigen y evolución de la Universidad Autónoma de Santo Domingo. a[Santo Domingo] :bUASD,c[1974]? a11 p. ;c22 cm. aBNPD 0010718PDaPDbPDcCTd2011-06-28iLF1l0o p31629-10r2020-06-25w2020-06-25yLFPDZNo se presta c31121d31121